[Event "Frauenbundesliga 2011-12"]
[Site "Germany GER"]
[Date "2011.10.30"]
[Round "2.1"]
[White "Pokorna, Regina"]
[Black "Seps, Monika"]
[Result "1-0"]
[WhiteElo "2359"]
[BlackElo "2198"]
[PlyCount "121"]
[EventDate "2011.10.29"]
[EventType "team-tourn"]
[EventCountry "GER"]
[WhiteTeamCountry "GER"]
[BlackTeamCountry "GER"]

1. e4 c5 2. Nf3 Nc6 3. d4 cxd4 4. Nxd4 e5 5. Nb5 d6 6. a4 Be7 7. N1c3 a6 8. Na3
Nf6 9. Bc4 O-O 10. O-O Be6 11. Bg5 Rc8 12. Bxf6 Bxf6 13. Nd5 Bg5 14. c3 g6 15.
Qd3 Ne7 16. Rfd1 Rc5 17. b4 Rc6 18. a5 Bxd5 19. exd5 Rc7 20. Bb3 Nf5 21. c4 Re8
22. Re1 e4 23. Rxe4 Rxe4 24. Qxe4 Qf6 25. Nc2 Qc3 26. Qf3 Qxf3 27. gxf3 Nh4 28.
c5 Bf4 29. Rd1 Nxf3+ 30. Kg2 Nh4+ 31. Kg1 Nf5 32. Nd4 Nxd4 33. Rxd4 Be5 34. Rc4
g5 35. c6 Bf4 36. Bc2 bxc6 37. Rxc6 Rb7 38. Rb6 Rc7 39. Bd3 Rc1+ 40. Kg2 Rd1
41. Bxa6 Be5 42. Be2 Ra1 43. a6 Ra2 44. Rb8+ Kg7 45. Bc4 Ra4 46. b5 Bd4 47. b6
Bxb6 48. Rxb6 Rxc4 49. Rxd6 Ra4 50. Kf3 Kf8 51. Ke3 h5 52. Rb6 Ke7 53. Rb7+ Kd6
54. Rxf7 Ke5 55. Rg7 Ra3+ 56. Ke2 Ra2+ 57. Kf1 Kf5 58. a7 Kf6 59. Rh7 Kg6 60.
Rb7 Kf6 61. d6 1-0

[Event "Frauenbundesliga 2011-12"]
[Site "Germany GER"]
[Date "2011.10.30"]
[Round "2.3"]
[White "Korenova, Martina"]
[Black "Haecker, Sonja"]
[Result "1-0"]
[WhiteElo "2220"]
[BlackElo "2070"]
[PlyCount "85"]
[EventDate "2011.10.29"]
[EventType "team-tourn"]
[EventCountry "GER"]
[WhiteTeamCountry "GER"]
[BlackTeamCountry "GER"]

1. d4 d5 2. g3 Nf6 3. Bg2 c6 4. c4 e6 5. Nf3 Nbd7 6. O-O Be7 7. b3 O-O 8. Bb2
dxc4 9. bxc4 c5 10. e3 Qc7 11. Nbd2 b6 12. e4 cxd4 13. e5 Ne8 14. Nxd4 Bb7 15.
Nb5 Qc8 16. Ne4 Nc5 17. Qc2 Nxe4 18. Bxe4 Bxe4 19. Qxe4 a6 20. Nd4 Nc7 21. Rad1
b5 22. Nc6 Qe8 23. Rd3 bxc4 24. Qxc4 Nd5 25. Nxe7+ Nxe7 26. Ba3 Nd5 27. Bxf8
Qxf8 28. Rb1 Qe7 29. Rdb3 g6 30. Rb8+ Rxb8 31. Rxb8+ Kg7 32. Qxa6 Qg5 33. Qc8
Kh6 34. Qf8+ Kh5 35. Qxf7 Qc1+ 36. Kg2 Qc6 37. Qf3+ Kh6 38. Rf8 Qc7 39. Qe4 Qa7
40. a4 Kg7 41. Rf3 Qc7 42. Qd4 Qb7 43. Qc5 1-0

[Event "Frauenbundesliga 2011-12"]
[Site "Germany GER"]
[Date "2011.10.30"]
[Round "2.4"]
[White "Stitterich, Nadine"]
[Black "Schulz,A2"]
[Result "0-1"]
[WhiteElo "2008"]
[BlackElo "2113"]
[PlyCount "122"]
[EventDate "2011.10.29"]
[EventType "team-tourn"]
[EventCountry "GER"]
[WhiteTeam "SV Stuttgart Wolfbusch 1956"]
[BlackTeam "Rodewischer Schachmiezen"]
[WhiteTeamCountry "GER"]
[BlackTeamCountry "GER"]

1. e4 c5 2. Nf3 Nc6 3. d4 cxd4 4. Nxd4 e5 5. Nb5 d6 6. N1c3 a6 7. Na3 Be7 8. g3
h5 9. h4 Bg4 10. f3 Be6 11. Be3 Nf6 12. Nc4 b5 13. Nb6 Rb8 14. Ncd5 Bxd5 15.
Nxd5 Nxd5 16. exd5 Na5 17. Qd2 Nc4 18. Bxc4 bxc4 19. b3 Qc8 20. Kf2 Bf6 21.
Rac1 c3 22. Qd3 Rb5 23. Rcd1 g6 24. Kg2 Bg7 25. Bg5 Qf5 26. Qxc3 Rc5 27. Qb4
Rxc2+ 28. Rd2 O-O 29. Rxc2 Qxc2+ 30. Qd2 Qf5 31. Rc1 e4 32. Qf4 Qxd5 33. Qxe4
Qa5 34. Rc2 d5 35. Qd3 d4 36. Qc4 Re8 37. b4 Qf5 38. Rd2 Qb1 39. Rc2 Qd1 40.
Rd2 Qb1 41. Qb3 Qf5 42. a3 Rc8 43. Qd3 Qe6 44. Re2 Qb6 45. Bd2 Qb5 46. Qxb5
axb5 47. Bf4 d3 48. Rd2 Rc3 49. Kf2 Rxa3 50. Ke3 Bf8 51. Rxd3 Rxd3+ 52. Kxd3
Bxb4 53. Kd4 Kg7 54. Bc1 Kf6 55. g4 Ke6 56. Bf4 Be1 57. Kc5 b4 58. Kc4 hxg4 59.
fxg4 Bxh4 60. Kxb4 Kd5 61. Kc3 Ke4 0-1

[Event "Frauenbundesliga 2011-12"]
[Site "Germany GER"]
[Date "2011.10.30"]
[Round "2.5"]
[White "Kubikova, Hanna"]
[Black "Erben, Larissa"]
[Result "1/2-1/2"]
[WhiteElo "2159"]
[BlackElo "2035"]
[PlyCount "116"]
[EventDate "2011.10.29"]
[EventType "team-tourn"]
[EventCountry "GER"]
[WhiteTeamCountry "GER"]
[BlackTeamCountry "GER"]

1. d4 d5 2. Nf3 Nf6 3. c4 e6 4. Bg5 c6 5. cxd5 exd5 6. Nc3 h6 7. Bh4 Bf5 8. Qb3
Qb6 9. Bxf6 gxf6 10. e3 Rg8 11. Nd2 Nd7 12. Rc1 Bd6 13. g3 h5 14. h4 Be6 15.
Be2 Bg4 16. Bxg4 Rxg4 17. Qc2 Ke7 18. Nb3 a5 19. Qh7 a4 20. Qxh5 axb3 21. Qxg4
bxa2 22. O-O Qxb2 23. Qd1 Bb4 24. Na4 Qa3 25. Nc5 Nxc5 26. dxc5 Bc3 27. e4 a1=Q
28. Rxa1 Bxa1 29. exd5 Qxc5 30. dxc6 bxc6 31. Qb1 Ra7 32. Rc1 Qd4 33. Rd1 Qa4
34. Qd3 Kf8 35. Rb1 Be5 36. h5 Qd4 37. Rb8+ Ke7 38. Qxd4 Bxd4 39. h6 f5 40. h7
Rc7 41. h8=Q Bxh8 42. Rxh8 c5 43. Kf1 Rd7 44. Ke2 Kf6 45. Rc8 Rd5 46. Ke3 Kg5
47. Rc7 Kf6 48. Rc6+ Ke7 49. Rc7+ Ke6 50. f3 f6 51. Rc6+ Ke7 52. f4 Kd7 53.
Rxf6 c4 54. Ra6 Rd3+ 55. Ke2 Rxg3 56. Rf6 Rg2+ 57. Kd1 Rf2 58. Rxf5 Ke6 1/2-1/2

[Event "Frauenbundesliga 2011-12"]
[Site "Germany GER"]
[Date "2011.10.30"]
[Round "2.6"]
[White "Djalalova, Nigora"]
[Black "Nguyen Minh, Thuy"]
[Result "1/2-1/2"]
[WhiteElo "2013"]
[BlackElo "1957"]
[PlyCount "135"]
[EventDate "2011.10.29"]
[EventType "team-tourn"]
[EventCountry "GER"]
[WhiteTeam "SV Stuttgart Wolfbusch 1956"]
[BlackTeam "Rodewischer Schachmiezen"]
[WhiteTeamCountry "GER"]
[BlackTeamCountry "GER"]

1. c4 e5 2. b3 Nf6 3. Bb2 Nc6 4. Nf3 e4 5. Nd4 Nxd4 6. Bxd4 d5 7. cxd5 Qxd5 8.
e3 Bf5 9. Nc3 Qd7 10. Rc1 Ba3 11. Rc2 a6 12. Be2 Be7 13. Na4 O-O 14. Nc5 Qc8
15. Qc1 Nd5 16. a3 b6 17. Na4 c5 18. Bc4 Qb7 19. Bxd5 Qxd5 20. Nxb6 Qxb3 21.
Bxc5 Bxc5 22. Rxc5 Qxb6 23. Rxf5 Rac8 24. Qa1 Qg6 25. Rf4 Qxg2 26. Ke2 Qg6 27.
Rg1 Qh5+ 28. Rfg4 g6 29. Kf1 Rfd8 30. Qb2 Qxh2 31. Rxe4 Qh3+ 32. Ke2 Qf5 33.
Rf4 Qd3+ 34. Kf3 Qxd2 35. Qxd2 Rxd2 36. Rf6 a5 37. Ra6 Rc5 38. Rb1 Rf5+ 39. Kg3
Rdxf2 40. Re1 h5 41. a4 R5f3+ 42. Kh4 Rh2+ 43. Kg5 Rg2+ 44. Kh6 Kf8 45. Ra7 h4
46. e4 Rf4 47. Rxa5 Rd2 48. Kg5 Rf3 49. Kg4 Ra3 50. Kxh4 Rda2 51. e5 Rxa4+ 52.
Rxa4 Rxa4+ 53. Kg5 Ke7 54. Rb1 Ra6 55. Kh6 Ra3 56. Rb6 Re3 57. Kg7 g5 58. Rb7+
Ke6 59. Rxf7 g4 60. Kg6 Rf3 61. Ra7 Kxe5 62. Kg5 g3 63. Ra1 g2 64. Re1+ Kd4 65.
Rg1 Rf2 66. Kg4 Ke3 67. Kg3 Re2 68. Rxg2 1/2-1/2

[Event "Frauenbundesliga 2011-12"]
[Site "Germany GER"]
[Date "2011.10.30"]
[Round "2.1"]
[White "Kononenko, Tatiana"]
[Black "Paehtz, Elisabeth"]
[Result "0-1"]
[WhiteElo "2375"]
[BlackElo "2461"]
[PlyCount "148"]
[EventDate "2011.10.29"]
[EventType "team-tourn"]
[EventCountry "GER"]
[WhiteTeamCountry "GER"]
[BlackTeamCountry "GER"]

1. c4 b6 2. Nc3 e6 3. e4 Bb7 4. Nf3 Bb4 5. Qe2 Ne7 6. d4 O-O 7. Bd2 f5 8. e5 c5
9. O-O-O cxd4 10. Nxd4 Nbc6 11. Ncb5 Bxd2+ 12. Rxd2 Nxd4 13. Rxd4 a6 14. Nd6
Bc6 15. h4 b5 16. Rh3 bxc4 17. Qd2 c3 18. Rxc3 Nd5 19. Rg3 f4 20. Rg5 Qb6 21.
Bc4 Rab8 22. g3 Qb4 23. Bb3 Qxd2+ 24. Rxd2 fxg3 25. Rxg3 Rf4 26. h5 Rh4 27. Bd1
a5 28. a3 Rf8 29. Rg1 Nf4 30. Rg4 Rh1 31. Kc2 Bd5 32. b3 Nxh5 33. Ra4 Rb8 34.
b4 axb4 35. Rxb4 Ra8 36. Bxh5 Rxh5 37. f4 Bc6 38. Kb2 Rh3 39. Nc4 h5 40. Nb6
Ra7 41. a4 Kh7 42. Rbd4 Rg3 43. Nxd7 Bxd7 44. Rxd7 Rxa4 45. Rf7 Re4 46. Rh2 Kg8
47. Re7 Rxf4 48. Rxe6 Re4 49. Rf2 Rg5 50. Re8+ Kh7 51. e6 Rge5 52. Rh2 g6 53.
Rf2 Rxe6 54. Rf7+ Kh6 55. Rh8+ Kg5 56. Kc3 Rf6 57. Rb7 Rf3+ 58. Kd2 Rg4 59. Ke2
Ra3 60. Kf2 Rf4+ 61. Kg2 Ra2+ 62. Kg1 Rc4 63. Rb1 Kg4 64. Rd8 g5 65. Rd3 Kh4
66. Kh1 g4 67. Re3 Rcc2 68. Rbe1 g3 69. Re5 Rc4 70. Kg1 Kg4 71. Re8 h4 72. Rh8
Kh3 73. Rf8 Rcc2 74. Re4 Rc1+ 0-1

[Event "Frauenbundesliga 2011-12"]
[Site "Germany GER"]
[Date "2011.10.30"]
[Round "2.2"]
[White "Savina, Anastasia"]
[Black "Madl, Ildiko"]
[Result "1/2-1/2"]
[WhiteElo "2336"]
[BlackElo "2399"]
[PlyCount "31"]
[EventDate "2011.10.29"]
[EventType "team-tourn"]
[EventCountry "GER"]
[WhiteTeam "SC Bad Koenigshofen 1957"]
[BlackTeam "USV Volksbank Halle"]
[WhiteTeamCountry "GER"]
[BlackTeamCountry "GER"]

1. d4 d5 2. c4 dxc4 3. e3 e5 4. Bxc4 exd4 5. exd4 Bd6 6. Nf3 Nf6 7. O-O O-O 8.
Nc3 h6 9. Ne5 Nc6 10. Nxc6 bxc6 11. h3 Bf5 12. Qf3 Qd7 13. d5 cxd5 14. Nxd5
Nxd5 15. Bxd5 Rab8 16. Be3 1/2-1/2

[Event "Frauenbundesliga 2011-12"]
[Site "Germany GER"]
[Date "2011.10.30"]
[Round "2.3"]
[White "Melamed, Tetyana"]
[Black "Girya, Olga"]
[Result "1/2-1/2"]
[WhiteElo "2342"]
[BlackElo "2390"]
[PlyCount "51"]
[EventDate "2011.10.29"]
[EventType "team-tourn"]
[EventCountry "GER"]
[WhiteTeamCountry "GER"]
[BlackTeamCountry "GER"]

1. e4 c6 2. d4 d5 3. exd5 cxd5 4. c4 Nf6 5. Nc3 Nc6 6. Nf3 Bg4 7. cxd5 Nxd5 8.
Qb3 Bxf3 9. gxf3 e6 10. Qxb7 Nxd4 11. Bb5+ Nxb5 12. Qc6+ Ke7 13. Qxb5 Qd7 14.
Nxd5+ Qxd5 15. Qxd5 exd5 16. O-O Kf6 17. Rd1 Rd8 18. Be3 Rd7 19. Rac1 Be7 20.
Rc6+ Kf5 21. Ra6 Ra8 22. Ra5 Ke6 23. Re1 Kf5 24. Rd1 Ke6 25. Re1 Kf5 26. Rd1
1/2-1/2

[Event "Frauenbundesliga 2011-12"]
[Site "Germany GER"]
[Date "2011.10.30"]
[Round "2.5"]
[White "Lakos, Nikoletta"]
[Black "Schoene, Maria"]
[Result "1/2-1/2"]
[WhiteElo "2278"]
[BlackElo "2186"]
[PlyCount "143"]
[EventDate "2011.10.29"]
[EventType "team-tourn"]
[EventCountry "GER"]
[WhiteTeamCountry "GER"]
[BlackTeamCountry "GER"]

1. e4 c5 2. Nf3 d6 3. Bc4 Nf6 4. d3 Nc6 5. c3 g6 6. Bb3 Bg7 7. O-O O-O 8. h3 b5
9. Re1 Nd7 10. Bd5 Qb6 11. a4 e6 12. Bxc6 Qxc6 13. axb5 Qxb5 14. Na3 Qb8 15.
Nc4 d5 16. Ne3 d4 17. cxd4 cxd4 18. Nc4 Nb6 19. b3 e5 20. Ba3 Rd8 21. Qd2 Nxc4
22. bxc4 a5 23. Reb1 Qc7 24. Rb5 Bd7 25. Rb2 Rdb8 26. Rab1 a4 27. Ne1 Rxb2 28.
Qxb2 Bf8 29. Bxf8 Kxf8 30. Qb4+ Kg7 31. Nc2 Be8 32. Na3 Qa5 33. Qxa5 Rxa5 34.
Rb8 Kf8 35. Kf1 Ke7 36. Ke2 Bc6 37. g4 Ra8 38. Rxa8 Bxa8 39. g5 f5 40. f3 f4
41. Kd2 Bc6 42. h4 Bd7 43. Kc1 Kd6 44. Nc2 Bh3 45. Kb2 Bf1 46. Ne1 Be2 47. Ka3
Bd1 48. Kb4 Kc7 49. Ka3 Kc6 50. Kb4 Kb6 51. Ka3 Kc5 52. Kb2 Bb3 53. Ka3 Bxc4
54. Kxa4 Be6 55. Ka3 Bh3 56. Kb3 Kb5 57. Ka3 Bf1 58. Kb3 Be2 59. Kc2 Kb4 60.
Kb2 Bf1 61. Nc2+ Ka4 62. Ne1 Be2 63. Ka2 Bd1 64. Kb2 Kb4 65. Kc1 Bb3 66. Kb2
Ba4 67. Ng2 Bd1 68. Ne1 Ka4 69. Kc1 Be2 70. Kb2 Bf1 71. Ka2 Bh3 72. Kb2 1/2-1/2

[Event "Frauenbundesliga 2011-12"]
[Site "Germany GER"]
[Date "2011.10.30"]
[Round "2.6"]
[White "Gromova, Julia"]
[Black "Straub, Natalia"]
[Result "1/2-1/2"]
[WhiteElo "2231"]
[BlackElo "2205"]
[PlyCount "162"]
[EventDate "2011.10.29"]
[EventType "team-tourn"]
[EventCountry "GER"]
[WhiteTeam "SC Bad Koenigshofen 1957"]
[BlackTeam "USV Volksbank Halle"]
[WhiteTeamCountry "GER"]
[BlackTeamCountry "GER"]

1. d4 Nf6 2. c4 g6 3. f3 Bg7 4. e4 d6 5. Nc3 O-O 6. Nge2 a6 7. Be3 Nbd7 8. Ng3
c5 9. Be2 cxd4 10. Bxd4 Ne5 11. Nd5 Nxd5 12. cxd5 Qa5+ 13. Bc3 Qb6 14. f4 Nd7
15. Bxg7 Kxg7 16. Qd2 Nf6 17. h3 Bd7 18. e5 Ne8 19. Bg4 f5 20. Bf3 Rc8 21. Ne2
e6 22. dxe6 Bxe6 23. Nd4 dxe5 24. fxe5 Bg8 25. O-O Rd8 26. Rfd1 Nc7 27. Qf2 Kh8
28. b3 Bd5 29. Rac1 Bxf3 30. Nxf3 Qxf2+ 31. Kxf2 Ne6 32. Rd6 Rxd6 33. exd6 Rd8
34. Rd1 Kg7 35. g4 Kf6 36. b4 Ng5 37. Nxg5 Kxg5 38. Kf3 fxg4+ 39. hxg4 Kf6 40.
Ke4 Ke6 41. b5 Rxd6 42. Rh1 Rd7 43. bxa6 bxa6 44. Rc1 h6 45. Rh1 Kf6 46. Rxh6
Rd2 47. a3 Re2+ 48. Kf4 Rf2+ 49. Ke3 Ra2 50. Kf4 Rxa3 51. g5+ Kf7 52. Rh7+ Ke6
53. Rc7 Ra4+ 54. Kf3 Ra5 55. Kg4 Ra4+ 56. Kf3 Rd4 57. Rc6+ Rd6 58. Rc5 Rd5 59.
Rc6+ Kf5 60. Rxa6 Kxg5 61. Ra3 Kf5 62. Kg3 Rb5 63. Kf3 g5 64. Kg3 Rb1 65. Kg2
Kf4 66. Rc3 Rb2+ 67. Kg1 g4 68. Rd3 Re2 69. Rb3 Kg5 70. Ra3 Kh4 71. Rb3 g3 72.
Rb8 Re5 73. Rh8+ Kg4 74. Rg8+ Kf3 75. Rf8+ Kg4 76. Rg8+ Rg5 77. Rxg5+ Kxg5 78.
Kg2 Kg4 79. Kg1 Kf3 80. Kf1 g2+ 81. Kg1 Kg3 1/2-1/2

[Event "Frauenbundesliga 2011-12"]
[Site "Germany GER"]
[Date "2011.10.30"]
[Round "2.1"]
[White "Burchardt, Brigitte"]
[Black "Zozulia, Anna"]
[Result "0-1"]
[WhiteElo "2224"]
[BlackElo "2377"]
[PlyCount "126"]
[EventDate "2011.10.29"]
[EventType "team-tourn"]
[EventCountry "GER"]
[WhiteTeamCountry "GER"]
[BlackTeamCountry "GER"]

1. e4 c5 2. Nc3 e6 3. Nf3 Nc6 4. d3 d5 5. Be2 Nf6 6. O-O Be7 7. exd5 Nxd5 8.
Nxd5 Qxd5 9. Bd2 O-O 10. Bc3 b5 11. a4 b4 12. Bd2 Bb7 13. Be3 Rfd8 14. b3 Bf6
15. Rb1 Ne7 16. Ne1 Qd6 17. Bf3 Nd5 18. Bxd5 Bxd5 19. Qg4 Qc6 20. Nf3 Bxf3 21.
Qxf3 Qxf3 22. gxf3 Rd5 23. Kg2 Bc3 24. Rg1 Rh5 25. h3 Rd8 26. Rh1 Rdd5 27. Kf1
Rh4 28. Ke2 a6 29. Rbg1 f5 30. Bg5 Rh5 31. Be3 Kf7 32. f4 h6 33. Rg3 Bf6 34.
Rhg1 Rh4 35. Bd2 e5 36. fxe5 Rxe5+ 37. Kf1 f4 38. Rg4 Rxg4 39. Rxg4 g5 40. h4
h5 41. Rg1 Ke6 42. hxg5 Bxg5 43. Rh1 h4 44. f3 Kf5 45. Be1 Re6 46. Bf2 Be7 47.
Kg2 Re2 48. Re1 h3+ 49. Kxh3 Rxc2 50. Bg1 Bd6 51. Re4 Rc3 52. Rc4 Rxd3 53. Bxc5
Rxf3+ 54. Kg2 Rg3+ 55. Kf2 Bxc5+ 56. Rxc5+ Kg4 57. Ra5 Rxb3 58. Rxa6 Rb2+ 59.
Ke1 Ra2 60. a5 b3 61. Rg6+ Kf3 62. Rb6 b2 63. Rb3+ Kg2 0-1

[Event "Frauenbundesliga 2011-12"]
[Site "Germany GER"]
[Date "2011.10.30"]
[Round "2.2"]
[White "Schleining, Zoya"]
[Black "Goehler, Antje"]
[Result "1/2-1/2"]
[WhiteElo "2326"]
[BlackElo "2134"]
[PlyCount "146"]
[EventDate "2011.10.29"]
[EventType "team-tourn"]
[EventCountry "GER"]
[WhiteTeam "Schachverein Muelheim Nord 1931"]
[BlackTeam "SC Rotation Pankow"]
[WhiteTeamCountry "GER"]
[BlackTeamCountry "GER"]

1. e4 c5 2. Nf3 d6 3. d4 cxd4 4. Nxd4 Nf6 5. Nc3 a6 6. Be3 e5 7. Nf3 Qc7 8. a4
Be6 9. Be2 Be7 10. a5 Nbd7 11. Ng5 Bc4 12. Bxc4 Qxc4 13. Ra4 Qc6 14. Qd3 Nc5
15. Bxc5 dxc5 16. O-O O-O 17. Nf3 Rad8 18. Qc4 Bd6 19. Nd2 Be7 20. Qe2 Rd4 21.
Raa1 Qe6 22. b3 c4 23. Nxc4 Bb4 24. Nd5 Nxd5 25. exd5 Rxd5 26. Rfd1 Rfd8 27.
Rxd5 Qxd5 28. g3 Bc3 29. Ne3 Qc5 30. Ra4 Bxa5 31. Qf3 Bd2 32. Rc4 Qa5 33. Nf5
Bg5 34. Rg4 Qe1+ 35. Kg2 Rd1 36. Kh3 Qf1+ 37. Qg2 Qxg2+ 38. Kxg2 Bf6 39. Rc4 g6
40. Ne3 Rd7 41. Rc8+ Kg7 42. Rb8 Bd8 43. c4 f5 44. Nd5 Kf7 45. Kf3 Ke6 46. Ke2
e4 47. h4 Ke5 48. Nf4 Bxh4 49. Nxg6+ hxg6 50. gxh4 f4 51. Re8+ Kf5 52. Rf8+ Ke5
53. Re8+ Kd4 54. f3 exf3+ 55. Kxf3 Kc3 56. Kxf4 Kxb3 57. Kg5 a5 58. Kxg6 a4 59.
h5 Kxc4 60. Re4+ Kb3 61. Re3+ Kb4 62. Re4+ Ka5 63. h6 b5 64. h7 Rxh7 65. Kxh7
a3 66. Re8 b4 67. Ra8+ Kb5 68. Kg6 Kc4 69. Kf5 Kb3 70. Ke4 Kb2 71. Kd3 b3 72.
Kc4 a2 73. Kb4 a1=Q 1/2-1/2

[Event "Frauenbundesliga 2011-12"]
[Site "Germany GER"]
[Date "2011.10.30"]
[Round "2.3"]
[White "Schulz, Stefanie"]
[Black "Kalinina, Olga"]
[Result "0-1"]
[WhiteElo "2075"]
[BlackElo "2288"]
[PlyCount "114"]
[EventDate "2011.10.29"]
[EventType "team-tourn"]
[EventCountry "GER"]
[WhiteTeamCountry "GER"]
[BlackTeamCountry "GER"]

1. e4 c5 2. c4 e6 3. Nc3 Nc6 4. g3 g6 5. Bg2 Bg7 6. Nge2 Nge7 7. O-O O-O 8. d3
a6 9. Be3 Nd4 10. Qd2 Nec6 11. Bh6 Bxh6 12. Qxh6 Qf6 13. Nxd4 Qxd4 14. Qd2 Rb8
15. Rad1 b5 16. b3 d6 17. Ne2 Qg7 18. f4 e5 19. f5 f6 20. g4 gxf5 21. gxf5 Kh8
22. Rf3 Bb7 23. Rg3 Qf7 24. Bf3 Rg8 25. Kf2 Rxg3 26. hxg3 Rg8 27. Rh1 Rg5 28.
Qd1 Qg7 29. Rh3 Ne7 30. Qh1 Nc6 31. Bh5 Kg8 32. Qh2 Nb4 33. Nc1 Bc6 34. Ke3 a5
35. Bd1 a4 36. cxb5 Bxb5 37. bxa4 Ba6 38. a3 Nc6 39. Bb3+ c4 40. dxc4 Qa7+ 41.
c5+ Kh8 42. Kd2 dxc5 43. Bd5 Nd4 44. Kc3 Rg7 45. Kb2 c4 46. g4 Bb7 47. Bxc4
Bxe4 48. Qd2 Rb7+ 49. Bb3 Qc5 50. Rc3 Qf8 51. Qh2 Bd5 52. g5 Qb8 53. Qh6 Bxb3
54. Qxf6+ Kg8 55. Nxb3 Rxb3+ 56. Ka2 Rb2+ 57. Ka1 Rb1+ 0-1

[Event "Frauenbundesliga 2011-12"]
[Site "Germany GER"]
[Date "2011.10.30"]
[Round "2.4"]
[White "Vogel, Heike"]
[Black "Wagner Michel, Annett"]
[Result "0-1"]
[WhiteElo "2133"]
[BlackElo "2169"]
[PlyCount "86"]
[EventDate "2011.10.29"]
[EventType "team-tourn"]
[EventCountry "GER"]
[WhiteTeam "Schachverein Muelheim Nord 1931"]
[BlackTeam "SC Rotation Pankow"]
[WhiteTeamCountry "GER"]
[BlackTeamCountry "GER"]

1. d4 d5 2. Nf3 Nf6 3. Bg5 Ne4 4. Bh4 c6 5. Nbd2 Bf5 6. e3 h6 7. Nxe4 Bxe4 8.
Bd3 Qa5+ 9. c3 Bxd3 10. Qxd3 Nd7 11. O-O e6 12. Ne5 Nxe5 13. dxe5 Qb5 14. Qc2
Bc5 15. Kh1 Qc4 16. f4 Bxe3 17. b3 Qe4 18. Qxe4 dxe4 19. Rae1 Bd2 20. Rxe4 Bxc3
21. Rd1 c5 22. Bf2 b6 23. Rc4 Bb4 24. Bh4 a5 25. a4 O-O 26. Be7 Rfb8 27. Rd7 b5
28. axb5 Rxb5 29. h3 Ba3 30. Rd3 Rab8 31. Ra4 c4 32. bxc4 Rb1+ 33. Kh2 Bxe7 34.
Rxa5 f6 35. Rd7 R8b7 36. Ra8+ Kf7 37. Rd4 Rc7 38. exf6 gxf6 39. Rh8 Kg7 40. Re8
Rc1 41. Re4 Kf7 42. Rh8 Bf8 43. f5 Kg7 0-1

[Event "Frauenbundesliga 2011-12"]
[Site "Germany GER"]
[Date "2011.10.30"]
[Round "2.6"]
[White "Zhang, Fan"]
[Black "Wolf, Sylvia"]
[Result "1-0"]
[WhiteElo "2097"]
[BlackElo "2073"]
[PlyCount "95"]
[EventDate "2011.10.29"]
[EventType "team-tourn"]
[EventCountry "GER"]
[WhiteTeam "Schachverein Muelheim Nord 1931"]
[BlackTeam "SC Rotation Pankow"]
[WhiteTeamCountry "GER"]
[BlackTeamCountry "GER"]

1. d4 Nf6 2. Bg5 h6 3. Bxf6 gxf6 4. e3 d5 5. Bd3 Rg8 6. g3 e5 7. c3 Nc6 8. Nd2
Qe7 9. Qb3 exd4 10. cxd4 Nb4 11. Bb1 Qe6 12. a3 Qa6 13. Ne2 Bd7 14. Nf4 O-O-O
15. Nd3 Nxd3+ 16. Bxd3 Qe6 17. O-O-O c6 18. Nf3 Qg4 19. Nh4 Bd6 20. Qc2 Kb8 21.
Kb1 Bc7 22. Rc1 Rde8 23. Qb3 Ka8 24. Bh7 Rg7 25. Qc2 Rh8 26. h3 Qe6 27. Bd3 Rg5
28. Nf3 Rgg8 29. Nd2 f5 30. Nf3 f6 31. Nh4 Rg5 32. Rhg1 Rhg8 33. Nf3 R5g7 34.
h4 Bd6 35. Rge1 Bc7 36. Nd2 Re8 37. Nb3 Bb6 38. a4 a6 39. a5 Ba7 40. Qe2 Qd6
41. Qh5 f4 42. Qxh6 Rg4 43. gxf4 Qb4 44. Bc2 f5 45. Rg1 Reg8 46. Rxg4 Rxg4 47.
Qh8+ Bb8 48. Nc5 1-0

[Event "Frauenbundesliga 2011-12"]
[Site "Germany GER"]
[Date "2011.11.26"]
[Round "3.3"]
[White "Melamed, Tetyana"]
[Black "Pourkashiyan, Atousa"]
[Result "1/2-1/2"]
[WhiteElo "2342"]
[BlackElo "2326"]
[PlyCount "132"]
[EventDate "2011.10.29"]
[EventType "team-tourn"]
[EventCountry "GER"]
[WhiteTeamCountry "GER"]
[BlackTeamCountry "GER"]

1. e4 c5 2. Nf3 e6 3. c3 Nf6 4. e5 Nd5 5. d4 cxd4 6. cxd4 d6 7. a3 Bd7 8. Bd3
Bc6 9. O-O Nd7 10. Re1 Be7 11. Qe2 Rc8 12. Bd2 a6 13. exd6 Bxd6 14. Ng5 N7f6
15. Nc3 O-O 16. Nce4 h6 17. Nxf6+ Nxf6 18. Nf3 Bb8 19. Rac1 Bxf3 20. Qxf3 Rxc1
21. Rxc1 Qxd4 22. Bc3 Qf4 23. Qxf4 Bxf4 24. Rd1 Nd5 25. Be4 Rd8 26. g3 Bc7 27.
Rd2 f5 28. Bg2 Kf7 29. Kf1 g5 30. Ke2 g4 31. h3 gxh3 32. Bxh3 Nxc3+ 33. bxc3 b6
34. Rxd8 Bxd8 35. Bg2 a5 36. Bc6 Kf6 37. a4 Be7 38. Bd7 Ke5 39. Kd3 Bc5 40. f3
Kd6 41. Be8 Ke7 42. Bb5 Kf6 43. Ke2 Kg5 44. Bd7 Kf6 45. c4 h5 46. f4 Bd6 47.
Kf3 Ke7 48. Bb5 Bb4 49. Bc6 Be1 50. Bb5 Kd6 51. Be8 h4 52. gxh4 Bxh4 53. Bb5
Bf6 54. Be8 Kc5 55. Bd7 Kb4 56. Bb5 Be7 57. Bd7 Bd6 58. Bb5 Kb3 59. Bd7 e5 60.
fxe5 Bxe5 61. Bb5 Kb4 62. Bd7 Bd6 63. Bb5 f4 64. Ke4 Kc3 65. Kf3 Kd4 66. Ba6
Bc7 1/2-1/2

[Event "Frauenbundesliga 2011-12"]
[Site "Germany GER"]
[Date "2011.11.26"]
[Round "3.4"]
[White "Hoolt, Sarah"]
[Black "Sharevich, Anna"]
[Result "1/2-1/2"]
[WhiteElo "2286"]
[BlackElo "2257"]
[PlyCount "93"]
[EventDate "2011.10.29"]
[EventType "team-tourn"]
[EventCountry "GER"]
[WhiteTeam "Hamburger SK von 1830"]
[BlackTeam "USV Volksbank Halle"]
[WhiteTeamCountry "GER"]
[BlackTeamCountry "GER"]

1. e4 c5 2. Nf3 e6 3. d4 cxd4 4. Nxd4 a6 5. c4 Nf6 6. Nc3 Qc7 7. a3 b6 8. Be3
Bb7 9. f3 Nc6 10. b4 Rc8 11. Rc1 Ne5 12. Be2 Ng6 13. Qd2 h5 14. Na4 Rb8 15. c5
b5 16. Nc3 Bc6 17. O-O h4 18. a4 e5 19. Nf5 Nf4 20. Bxf4 exf4 21. Nd5 Qe5 22.
Nxf4 g6 23. Nd3 Qc7 24. Qb2 gxf5 25. Qxf6 Rh6 26. Qxf5 Bg7 27. Nf2 bxa4 28. Ng4
Re6 29. Bc4 Bb5 30. Bxe6 dxe6 31. Qg5 Bd4+ 32. Rf2 Qe7 33. Qg8+ Qf8 34. Qh7 a3
35. Kh1 Bxf2 36. Nxf2 Bc6 37. Nd3 a5 38. bxa5 a2 39. Qxh4 Rb3 40. Qe1 Rxd3 41.
Ra1 Qxc5 42. Rxa2 Qd4 43. Ra1 Re3 44. Qc1 Rc3 45. Qe1 Re3 46. Qc1 Rc3 47. Qe1
1/2-1/2

[Event "Frauenbundesliga 2011-12"]
[Site "Germany GER"]
[Date "2011.11.26"]
[Round "3.5"]
[White "Lakos, Nikoletta"]
[Black "Fuchs, Judith"]
[Result "1/2-1/2"]
[WhiteElo "2278"]
[BlackElo "2217"]
[PlyCount "89"]
[EventDate "2011.10.29"]
[EventType "team-tourn"]
[EventCountry "GER"]
[WhiteTeamCountry "GER"]
[BlackTeamCountry "GER"]

1. e4 c6 2. d4 d5 3. Nc3 dxe4 4. Nxe4 Bf5 5. Ng3 Bg6 6. Nf3 Nd7 7. h4 h6 8. h5
Bh7 9. Bd3 Bxd3 10. Qxd3 Qc7 11. Bd2 e6 12. Ne4 Ngf6 13. O-O-O O-O-O 14. g3
Nxe4 15. Qxe4 Nf6 16. Qe2 Rd5 17. Bf4 Bd6 18. Bxd6 Rxd6 19. Ne5 Rhd8 20. c3 c5
21. dxc5 Rxd1+ 22. Rxd1 Rxd1+ 23. Kxd1 Qxc5 24. Nxf7 Qd5+ 25. Kc1 Qxa2 26. c4
Qa1+ 27. Kc2 Qa4+ 28. Kc3 Qa5+ 29. Kb3 Qb6+ 30. Kc2 Ne4 31. Nxh6 gxh6 32. Qxe4
Qxf2+ 33. Kc1 Qg1+ 34. Kc2 Qh2+ 35. Kc1 Qxh5 36. Qxe6+ Kc7 37. Qe7+ Kc6 38.
Qe4+ Kb6 39. b4 Qg5+ 40. Kc2 Qxg3 41. Qe6+ Kc7 42. Qe7+ Kc8 43. Qe8+ Kc7 44.
Qe7+ Kc8 45. Qf8+ 1/2-1/2

[Event "Frauenbundesliga 2011-12"]
[Site "Germany GER"]
[Date "2011.11.26"]
[Round "3.6"]
[White "Hegeler, Anja"]
[Black "Straub, Natalia"]
[Result "1/2-1/2"]
[WhiteElo "2178"]
[BlackElo "2205"]
[PlyCount "29"]
[EventDate "2011.10.29"]
[EventType "team-tourn"]
[EventCountry "GER"]
[WhiteTeam "Hamburger SK von 1830"]
[BlackTeam "USV Volksbank Halle"]
[WhiteTeamCountry "GER"]
[BlackTeamCountry "GER"]

1. e4 e6 2. d4 d5 3. Nc3 dxe4 4. Nxe4 Nd7 5. Bd3 Ngf6 6. Qf3 Be7 7. Ne2 c5 8.
O-O cxd4 9. Nxd4 O-O 10. Nxf6+ Bxf6 11. Qe4 g6 12. Nb3 Bg7 13. Rd1 Qe7 14. c3
e5 15. f3 1/2-1/2